Регионална библиотека "Любен Каравелов" - Русе

Съвременни математически методи в техниката (Запис номер 61591)

MARC детайли
000 -Лидер
Контролно поле с фиксирана дължина 01268nam a2200289 c 4500
003 - Код на организацията, давaща контролен номер
Контролно поле BLK
005 - Дата и час на последна редакция
Контролно поле 20221025120559.0
008 - Елементи от данни с фиксирана дължина
fixed length control field 180408b bul|||||r ||||||| ||bul||
010 ## - Наследен системен номер
LC control number KNG00065793000
040 ## - Източник на каталожния запис
Идентификатор на билиотеката - собственик на записа BLK
041 ## - Код за език
Код за езика на текст/звукозапис или на отделно заглавие Български
Код за езика КДБФ Български
080 ## - УДК
Текстов определител УДК Математичен анализ. Теория на реалните числа, аксиоматически формули, неравенства, основни свойства на функциите, непрекъснатост, монотонност, изучаване на отд. функции. Вж и 510.2/.6
УДК код - определител по УДК 517
УДК - код + определител 517
100 1# - Редна дума - Автор
Автор Феньо, Ищван
Авторска отговорност първи автор
R(LIN) 133682
139 ## - Редно поле
Редна дума Феньо, Ищван и др.
Авторски знак Фен - Ф 38
245 10 - Сведения за заглавието
Заглавие Съвременни математически методи в техниката
Подзаглавни данни Т. 1 -
Редно поле (дума) Ищван Феньо; съавт. Тамаш Фрей.
Том Т. 1
257 ## - Страна на издаване
Страна на създаване/издаване България
260 ## - Област на издателските данни
Място на издаване, разпространение и проч. София
Име на издателя, разпространителя и проч. Техника
Година на издаване 1977 -
300 ## - Физическа характеристика
Размери/Мащаб 25 см
380 ## - Жанр
Жанр Естествени науки. Математика
650 #0 - Допълнително описание по предмет – тема
9 (RLIN) 276068
Основно описание – тема или топоним Математически методи
653 #7 - Ключова дума – ненормативна
9 (RLIN) 198273
Ключова дума техника
653 #7 - Ключова дума – ненормативна
9 (RLIN) 190636
Ключова дума математически методи
700 1# - Други автори (авторска отговорност)
Лично име Фрей, Тамаш
Автороска отговорност (Описва отношението между автора и произведението) съавт.
9 (RLIN) 290463
760 1# - Описание на основната серия
Редна дума на основното описание Феньо, Ищван
Място на издаване, издател и година 1977
Страници - том 403 с., 25 см
Заглавие Т. 1
852 ## - Местоположение
Форматна сигнатура Цб 84090
856 4# - Електронен адрес и достъп
Електронен формат pdf - файл
Инструкция (цена за достъп) 0.00
Права за достъп disable
856 4# - Електронен адрес и достъп
Електронен формат pdf - файл
Инструкция (цена за достъп) 0.00
Права за достъп disable
999 ## - СИСТЕМНИ КОНТРОЛНИ НОМЕРА
Koha biblionumber 61591
Koha biblioitemnumber 61591
942 ## - АРТИКУЛИ
Вид на библиотечния материал Книги
Скрит в OPAC Не
Периодичен библиозапис Да
944 ## - СЪЗДАВАНЕ И РЕДАКЦИЯ на ЗАПИСА
Създаване/Редакция Създаване
Дата на регистрацията/редакция 13.06.2004
Служител, извършил регистрацията/редакцията Кети_Илиева
944 ## - СЪЗДАВАНЕ И РЕДАКЦИЯ на ЗАПИСА
Създаване/Редакция Редакция
Дата на регистрацията/редакция 12.10.2015
944 ## - СЪЗДАВАНЕ И РЕДАКЦИЯ на ЗАПИСА
Създаване/Редакция Редакция
Дата на регистрацията/редакция 2022-10-25
Служител, извършил регистрацията/редакцията Христина Везирева
999 ## - СИСТЕМНИ КОНТРОЛНИ НОМЕРА
Koha biblioitemnumber 61591
Наличности
Код за отписване Код за изгубен артикул Източник на класификационната схема Код за повреда Коз за рестрикции Код за отдаване Артикулен № Име на библиотеката - собственик Име на библиотеката, в която се намира в момента Статус (Текущо местоположение) Дата на вписване в системата Местоположение - отдел Цена в лева Инвентарен номер Систематично азбучна сигнатура Баркод Номер на екземпляра Цена в евро Служебна бележка Служебен тип на артикула
Изтеглен Не е изгубен Universal Decimal Classification Не е повреден без рестрикции ползва се в читалня 102239 Регионална библиотека "Любен Каравелов" Русе Регионална библиотека "Любен Каравелов" Русе Читалня 1993-01-01 Читалня 3.00 221868 Ч 51/Ф 38 221868 1 1.53 Дата инв: 15.03.2017 Бележки инв: Ч2017 Книги
  Не е изгубен Universal Decimal Classification Не е повреден без рестрикции ползва се в читалня 102240 Регионална библиотека "Любен Каравелов" Русе Регионална библиотека "Любен Каравелов" Русе Хранилище 1977-01-01 Хранилище 3.00 220005 Цб 84090 120000220005 2 1.53 N: стар фонд Дата: 01.01.1977 Книги
Vip Innovations Ltd, Rousse, Bulgaria 2025